Membina pelajar cemerlang : (Record no. 2136)

000 -LEADER
fixed length control field 02187nam a2200493 a 4500
003 - CONTROL NUMBER IDENTIFIER
control field AKMAL
005 - DATE AND TIME OF LATEST TRANSACTION
control field 20170515123714.0
008 - FIXED-LENGTH DATA ELEMENTS--GENERAL INFORMATION
fixed length control field 170515s2006 my a e | a001 0 may d
020 ## - INTERNATIONAL STANDARD BOOK NUMBER
International Standard Book Number 9835204160 (kkt.) :
Terms of availability RM30.00
020 ## - INTERNATIONAL STANDARD BOOK NUMBER
International Standard Book Number 9789835204166 (kkt.) :
Terms of availability RM30.00
040 ## - CATALOGING SOURCE
Original cataloging agency AKMAL
082 04 - DEWEY DECIMAL CLASSIFICATION NUMBER
Classification number 370.1523 TAJ
Edition number 22
090 00 - LOCALLY ASSIGNED LC-TYPE CALL NUMBER (OCLC); LOCAL CALL NUMBER (RLIN)
Classification number (OCLC) (R) ; Classification number, CALL (RLIN) (NR) 370.1523
Local cutter number (OCLC) ; Book number/undivided call number, CALL (RLIN) TAJ
100 0# - MAIN ENTRY--PERSONAL NAME
Personal name Tajul Ariffin Noordin,
Dates associated with a name 1951-
9 (RLIN) 4456
245 10 - TITLE STATEMENT
Title Membina pelajar cemerlang :
Remainder of title evolusi pembelajaran sepanjang hayat /
Statement of responsibility, etc. Tajul Ariffin Nordin, Roslee Ahmad, Rahimawati Abdul Rahim
260 ## - PUBLICATION, DISTRIBUTION, ETC.
Place of publication, distribution, etc. Skudai, Johor :
Name of publisher, distributor, etc. Penerbit Universiti Teknologi Malaysia,
Date of publication, distribution, etc. 2006
300 ## - PHYSICAL DESCRIPTION
Extent 221ms. :
Other physical details il. ;
Dimensions 23cm.
500 ## - GENERAL NOTE
General note Mengandungi indeks
504 ## - BIBLIOGRAPHY, ETC. NOTE
Bibliography, etc. note Bibliografi: ms. 205-213
650 20 - SUBJECT ADDED ENTRY--TOPICAL TERM
Topical term or geographic name entry element Learning, Psychology of
9 (RLIN) 1082
650 10 - SUBJECT ADDED ENTRY--TOPICAL TERM
Topical term or geographic name entry element Study skills
9 (RLIN) 1091
700 0# - ADDED ENTRY--PERSONAL NAME
Personal name Roslee Ahmad
9 (RLIN) 4302
700 0# - ADDED ENTRY--PERSONAL NAME
Personal name Rahimawati Abdul Rahim
9 (RLIN) 4457
942 ## - ADDED ENTRY ELEMENTS (KOHA)
Source of classification or shelving scheme
Koha item type Book
Holdings
Withdrawn status Lost status Source of classification or shelving scheme Damaged status Not for loan Collection code Home library Current library Shelving location Date acquired Inventory number Total Checkouts Full call number Barcode Date last seen Price effective from Koha item type
          NON-FICTION AKMAL Melaka AKMAL Melaka PINJAMAN 15.05.2017 304938   370.1523 TAJ 201706230 15.05.2017 15.05.2017 Book
Pusat Sumber Maklumat Dato' Haji Sarmin Md Hussin, Akademi Kastam Diraja Malaysia, Melaka
Tel: 06-2331106 | Faks: 06-2313787